|
|
|
|
| LEADER |
00000cam a22000004a 4500 |
| 001 |
musev2_9990 |
| 003 |
MdBmJHUP |
| 005 |
20230905041136.0 |
| 006 |
m o d |
| 007 |
cr||||||||nn|n |
| 008 |
070522s2008 msu o 00 0 eng d |
| 010 |
|
|
|z 2007021404
|
| 020 |
|
|
|a 9781604733037
|
| 020 |
|
|
|z 9781934110416
|
| 020 |
|
|
|z 1934110418
|
| 020 |
|
|
|z 1604733039
|
| 035 |
|
|
|a (OCoLC)503441542
|
| 040 |
|
|
|a MdBmJHUP
|c MdBmJHUP
|
| 043 |
|
|
|a n-us-la
|
| 050 |
0 |
4 |
|a ML3551.8.S57
|b S57 2008
|
| 082 |
0 |
|
|a 781.6409763/99
|2 22
|
| 245 |
0 |
0 |
|a Shreveport Sounds in Black and White /
|c edited by Kip Lornell and Tracey E.W. Laird.
|
| 264 |
|
1 |
|a Jackson :
|b University Press of Mississippi,
|c 2008.
|
| 264 |
|
3 |
|a Baltimore, Md. :
|b Project MUSE,
|c 2012
|
| 264 |
|
4 |
|c ©2008.
|
| 300 |
|
|
|a 1 online resource:
|b ill. ;
|
| 336 |
|
|
|a text
|b txt
|2 rdacontent
|
| 337 |
|
|
|a computer
|b c
|2 rdamedia
|
| 338 |
|
|
|a online resource
|b cr
|2 rdacarrier
|
| 490 |
0 |
|
|a American made music series
|
| 500 |
|
|
|a Includes indexes.
|
| 505 |
0 |
|
|a Country -- Blues -- Radio, records, and rhythm.
|
| 588 |
|
|
|a Description based on print version record.
|
| 650 |
|
0 |
|a Folk musicians
|z Louisiana.
|
| 650 |
|
0 |
|a Folk music
|z Louisiana
|z Shreveport
|x History and criticism.
|
| 655 |
|
7 |
|a Electronic books.
|2 local
|
| 700 |
1 |
|
|a Laird, Tracey E. W.
|
| 700 |
1 |
|
|a Lornell, Kip,
|d 1953-
|
| 710 |
2 |
|
|a Project Muse.
|e distributor
|
| 830 |
|
0 |
|a Book collections on Project MUSE.
|
| 856 |
4 |
0 |
|z Texto completo
|u https://projectmuse.uam.elogim.com/book/9990/
|
| 945 |
|
|
|a Project MUSE - Custom Collection
|
| 945 |
|
|
|a Project MUSE - Archive Complete Foundation
|
| 945 |
|
|
|a Project MUSE - Archive US Regional Studies, South Foundation
|